LEADER 01145nam0-2200325---450- 001 990005341800403321 005 20121030155556.0 035 $a000534180 035 $aFED01000534180 035 $a(Aleph)000534180FED01 035 $a000534180 100 $a19990604d1842----km-y0itay50------ba 101 0 $ager 102 $aDE 105 $ay-------001yy 200 1 $aVon dem Einfluss der Gottheiten auf dei Ortsnamen$eeine in der königl. Akademie der Wissenschaften zu Berlin am. 25. Juni 1840 gelesene Abhandlung$fvon dr. Theodor Panofka 210 $aBerlin$cKönigl Akademie der Wissenschaften$d1842 215 $a2 v.$cill.$d26 cm 307 $a1.: 54 p., 4 c. di tav. : ill. ; 2.: 27 p., 2 c. di tav. : ill. 610 0 $aToponomastica$aGrecia 676 $a910.014$v22$zita 700 1$aPanofka,$bTheodor$f<1800-1858>$0207321 801 0$aIT$bUNINA$gRICA$2UNIMARC 901 $aBK 912 $a990005341800403321 952 $aSG 900/B 77 (1)$bANT. G.R. 605$fFLFBC 952 $aSG 900/B 77 (2)$bANT. G.R. 606$fFLFBC 959 $aFLFBC 996 $aVon dem Einfluss der Gottheiten auf dei Ortsnamen$9600074 997 $aUNINA LEADER 01784nam 2200445 450 001 9910717300203321 005 20220224154436.0 035 $a(CKB)5470000002529219 035 $a(OCoLC)1299244843 035 $a(EXLCZ)995470000002529219 100 $a20220224d2021 ua 0 101 0 $aeng 135 $aur||||||||||| 181 $ctxt$2rdacontent 182 $cc$2rdamedia 183 $acr$2rdacarrier 200 10$aNuclear energy $esafety : arrangement between the United States of America and Sweden, signed at Vienna, September 20, 2021; entered into force September 20, 2021 215 $a1 online resource (14 unnumbered pages) 225 1 $aTreaties and other international acts series ;$v21- 920.1 517 3 $aArrangement between the United States of America and Sweden, signed at Vienna, September 20, 2021; entered into force September 20, 2021 606 $aNuclear facilities$zSweden$xSafety measures 606 $aNuclear facilities$zUnited States$xSafety measures 606 $aCommunication of technical information$zSweden 606 $aCommunication of technical information$zUnited States 606 $aNuclear facilities$xSafety measures$xInternational cooperation 608 $aTreaties.$2lcgft 615 0$aNuclear facilities$xSafety measures. 615 0$aNuclear facilities$xSafety measures. 615 0$aCommunication of technical information 615 0$aCommunication of technical information 615 0$aNuclear facilities$xSafety measures$xInternational cooperation. 712 02$aUnited States.$bDepartment of State, 712 02$aSweden, 712 02$aUnited States, 801 0$bGPO 801 1$bGPO 906 $aBOOK 912 $a9910717300203321 996 $aNuclear energy$9789841 997 $aUNINA